| 000 | 02276cam a22002294a 4500 | ||
|---|---|---|---|
| 005 | 20250605164239.0 | ||
| 008 | 250528s ||||||||||||||||||||||||d | ||
| 035 | _a21264 | ||
| 020 | _a9789609405102 | ||
| 040 |
_aGR-AtMCL _bgre _dGR-AtMCL _eAACR2 |
||
| 245 | 1 | _aΠειραματικός Σχεδιασμός και Στατιστικές Εφαρμογές στην Ψυχολογία | |
| 260 |
_bΠεδίο, _c2009 |
||
| 300 | _a264 | ||
| 520 | _aΣυνδύαζοντας τη θεωρία με την πράξη, το βιβλίο επιχειρεί να γεφυρώσει το χάσμα ανάμεσα στον πειραματικό σχεδιασμό και τη στατιστική ανάλυση με μια συνθετική και ολοκληρωμένη παρουσίαση. Πρόλογος, Η Επιστήμη της Ψυχολογίας και η Διαδικασία της Έρευνας, Η Φύση των Ψυχολογικών Πειραμάτων (I): Μεταβλητές και Συνθήκες, Η Φύση των Ψυχολογικών Πειραμάτων (II): Εγκυρότητα, Περιγραφή Δεδομένων, Εξαγωγή Συμπερασμάτων από τα Δεδομένα, Επιλογή Στατιστιστικού Ελέγχου, Έλεγχοι Στατιστικής Σημαντικότητας για Ονομαστικά Δεδομένα, Έλεγχοι Στατιστικής Σημαντικότητας για Τακτικά Δεδομένα (και για Δεδομένα Διαστημάτων/ αναλογικά όταν δεν πληρούνται οι παραμετρικές προϋποθέσεις), Έλεγχοι Στατιστικής Σημαντικότητας για Δεδομένα (Κλίμακας) Διαστημάτων, Συσχετιστικές Μελέτες, Στατιστικοί Πίνακες, Γλωσσάρι Βασικών Όρων, Ευρετήριο Όρων, Προτεινόμενες Βιβλιογραφικές Πηγές. | ||
| 700 | 1 |
_aSani Fabio _97297 |
|
| 700 | 1 |
_aTodman John _97298 |
|
| 700 | 1 |
_aΠροδρομίτης Γεράσιμος _97299 |
|
| 700 | 1 |
_aΧρυσοχόου Ξένια _97300 |
|
| 942 | _cBK | ||
| 999 |
_c6330 _d6330 |
||